Joueurs du Real Madrid 2022/2023 - Statistiques

Statistiques générales
  • Ce quiz a été pris 480 fois
  • Le résultat moyen est 17 sur 21
Statistiques - réponses
Poste Nom % Correct
G Thibaut Courtois
99%
BU-AT Karim Benzema
96%
MC Luka Modric
96%
AD-AG Vinicius Paixao de Oliveira Junior
94%
MC Toni Kroos
92%
DD-DG Daniel Carvajal Ramos
91%
MC-MOC Eduardo Camavinga
91%
DC David Alaba
90%
DC Antonio Rüdiger
89%
AD-AG Rodrygo Goes
89%
MC-MOC Aurélien Tchouaméni
87%
DC Éder Gabriel Militão
87%
Coach Carlo Ancelotti
86%
DD-DG Ferland Mendy
86%
MC-MOC-AG-AD Federico Santiago Valverde Dipetta
80%
DC Nacho
75%
MC Daniel Ceballos Fernández
61%
AD-AG Marco Asensio Willemsen
61%
AT-AG-AD Eden Hazard
60%
MC-MG-MD Lucas Vázquez Iglesias
56%
DD-DG Álvaro Odriozola
28%
Aucun quiz correspondant
Distribution des résultats
% des personnes avec chaque résultat
Percentile par nombre de réponses
Votre historique - résultats
Vous n’avez pas pris ce quiz